Welcome to CU Library Online Public Access Catalogue (OPAC)

Pediatric Injections Drugs/ (Record no. 4284)

MARC details
000 -LEADER
fixed length control field 00565nam a22001697a 4500
005 - DATE AND TIME OF LATEST TRANSACTION
control field 20250225090451.0
008 - FIXED-LENGTH DATA ELEMENTS--GENERAL INFORMATION
fixed length control field 250225b |||||||| |||| 00| 0 eng d
020 ## - INTERNATIONAL STANDARD BOOK NUMBER
International Standard Book Number 9781585281589
050 ## - LIBRARY OF CONGRESS CALL NUMBER
Classification number RM170
Item number .P47
245 ## - TITLE STATEMENT
Title Pediatric Injections Drugs/
Remainder of title Teddy Bear Book
Statement of responsibility, etc. edited by; Stephanie J. Phelps, Emily B. Hak & Catherine M. Crill
250 ## - EDITION STATEMENT
Edition statement 8th ed.
260 ## - PUBLICATION, DISTRIBUTION, ETC.
Place of publication, distribution, etc. Bethesda, MD
Name of publisher, distributor, etc. American Society of Health-System Pharmacists
Date of publication, distribution, etc. 2007
300 ## - PHYSICAL DESCRIPTION
Extent xvii. 580p.
Dimensions 27.5cm
700 ## - ADDED ENTRY--PERSONAL NAME
Personal name Hak, Emily B.
700 ## - ADDED ENTRY--PERSONAL NAME
Personal name Crill, Catherine M.
942 ## - ADDED ENTRY ELEMENTS (KOHA)
Source of classification or shelving scheme Library of Congress Classification
Koha item type Books
Edition 8th ed.
Suppress in OPAC No
999 ## -
-- 4284
-- 4284
Holdings
Withdrawn status Lost status Source of classification or shelving scheme Damaged status Not for loan Collection Home library Current library Shelving location Date acquired Total checkouts Full call number Barcode Date last seen Copy number Price effective from Koha item type
    Library of Congress Classification     Non-fiction Science Library (Miotso) Science Library (Miotso) General stacks 02/25/2025   RM170 .P47 PED SLM00004005 02/25/2025 1 02/25/2025 Books
    Library of Congress Classification     Non-fiction Science Library (Miotso) Science Library (Miotso) General stacks 02/25/2025   RM170 .P47 PED SLM00004006 02/25/2025 2 02/25/2025 Books
© 2023-2024 Copyright: Central University Libraries. All Rights Reserved | Created by: Mahone Tech Office